Biblia de Abraham Asá (Record no. 184536)

MARC details
000 -LEADER
campo de control de longitud fija 01181nam a2200313 i 4500
001 - NÚMERO DE CONTROL
campo de control 184536
003 - IDENTIFICADOR DE NÚMERO DE CONTROL
campo de control ES-MaACL
005 - FECHA Y HORA DE LA ÚLTIMA TRANSACCIÓN
campo de control 20260216063025.0
007 - CAMPO FIJO DE DESCRIPCIÓN FÍSICA--INFORMACIÓN GENERAL
campo de control de longitud fija t|
008 - DATOS DE LONGITUD FIJA--INFORMACIÓN GENERAL
campo de control de longitud fija 151019s2010 sp m s |||| | spa d
020 ## - NÚMERO INTERNACIONAL ESTÁNDAR DEL LIBRO
Número Internacional Estándar del Libro 978-84-938395-5-0
080 ## - NÚMERO DE LA CLASIFICACIÓN DECIMAL UNIVERSAL
Número de la Clasificación Decimal Universal 26 Asá, Abraham
080 ## - NÚMERO DE LA CLASIFICACIÓN DECIMAL UNIVERSAL
Número de la Clasificación Decimal Universal 27-244.32-27(=134.28)
100 1# - ENTRADA PRINCIPAL--NOMBRE DE PERSONA
Nombre de persona Albarral, Purificación,
Fechas asociadas al nombre 1964-
9 (RLIN) 157927
245 10 - MENCIÓN DEL TÍTULO
Título Biblia de Abraham Asá
Resto del título : "los doce profetas menores" /
Mención de responsabilidad, etc. Purificación Albarral Albarral.
260 ## - PUBLICACIÓN, DISTRIBUCIÓN, ETC.
Lugar de publicación, distribución, etc. Logroño :
Nombre del editor, distribuidor, etc. Cilengua, Fundación San Millán de la Cogolla,
Fecha de publicación, distribución, etc. 2010.
300 ## - DESCRIPCIÓN FÍSICA
Extensión 65 p. ;
Dimensiones 24 cm +
Material acompañante/anejo 1 CD-ROM.
490 1# - MENCIÓN DE SERIE
Mención de serie Biblias hispánicas.
-- Colección digital
504 ## - NOTA DE BIBLIOGRAFÍA, ETC.
Nota de bibliografía, etc. Referencias bibliográficas.
600 17 - PUNTO DE ACCESO ADICIONAL DE MATERIA--NOMBRE DE PERSONA
Nombre de persona Asa, Abraham.
9 (RLIN) 157928
630 04 - PUNTO DE ACCESO ADICIONAL DE MATERIA--TÍTULO UNIFORME
Título uniforme Biblia.
Nombre de parte o sección de la obra A.T.
-- Profetas menores.
9 (RLIN) 157929
710 2# - ENTRADA AGREGADA--NOMBRE DE ENTIDAD CORPORATIVA
Nombre de entidad corporativa o nombre de jurisdicción como elemento de entrada Fundación San Millán de la Cogolla.
9 (RLIN) 4413
830 0# - PUNTO DE ACCESO ADICIONAL DE SERIE-TÍTULO UNIFORME
Título uniforme Biblias hispánicas.
-- Colección digital
9 (RLIN) 225085
852 ## - LOCALIZACIÓN
Ubicación ES-MaACL
Número de control de estantería A-13585
itemnumber 191536
Sublocalización o colección R.150825
Ubicación en estantería Depósito 1
Signatura antigua Olim: N-6585
Donativo/Legado Real Academia Española
852 1# - LOCALIZACIÓN
Ubicación BA
Número de control de estantería ROT 2/7/1 (CD-ROM)
914 ## - NOMBRE ENTIDAD DE DONANTE
RLIN 6336
Nombre de congreso/reunión o jurisdicción como elemento de entrada Real Academia Española
Unidad subordinada Donante
942 ## - ELEMENTOS DE ENTRADA SECUNDARIOS (KOHA)
Fuente del sistema de clasificación o colocación Clasificación decimal universal
Tipo de ítem Koha Libro impreso
Holdings
Estatus retirado Estado de pérdida Estado de daño No para préstamo Biblioteca de origen Biblioteca actual Ubicación en estantería Fecha de adquisición Fuente de adquisición Total de préstamos Signatura topográfica completa Código de barras Visto por última vez Precio de reemplazo Tipo de ítem Koha Fuente del sistema de clasificación o colocación
        Biblioteca del Ateneo de Madrid Biblioteca del Ateneo de Madrid Depósito 19/10/2015     ROT 2/7/1 1194271 23/02/2023 23/02/2023 Libro impreso  
        Biblioteca del Ateneo de Madrid Biblioteca del Ateneo de Madrid Depósito 1 19/10/2015 Donación   A-13585 1194270 23/02/2023 23/02/2023 Libro impreso Clasificación decimal universal